| 000 | 00868cab a2200313 4500 | ||
|---|---|---|---|
| 001 | ABS56451 | ||
| 008 | 090401t1997 xxu||||| |||| 00| 0 eng d | ||
| 035 | _a(Sirsi) u23696 | ||
| 041 | _aeng | ||
| 245 | _aMidlands: West Midlands | ||
| 260 | _c1997 | ||
| 350 | _a0 | ||
| 490 |
_aProperty Week _v58(3) 24 January 1997, 42-52(8) |
||
| 650 | _aAMEC DEVELOPMENTS | ||
| 650 | _aBIRMINGHAM | ||
| 650 | _aCOVENTRY | ||
| 650 | _aDIGBETH | ||
| 650 | _aINSTITUTIONAL LEASES | ||
| 650 | _aMILLENNIUM POINT | ||
| 650 | _aPROPERTY-COMMERCIAL PROPERTY-OFFICE PROPERTY-OFFICE PROPERTY MARKET | ||
| 650 | _aOFFICE RENTS | ||
| 650 | _aOFFICE SPACE | ||
| 650 | _aRACK-RENTED PROPERTY | ||
| 650 | _aSUSTAINABLE DEVELOPMENT | ||
| 650 | _aWEST MIDLANDS | ||
| 690 | _aPROPERTY-COMMERCIAL PROPERTY-COMMERCIAL PROPERTY MARKET | ||
| 942 | _n0 | ||
| 948 | _c04/03/1997 | ||
| 999 |
_c15864 _d15864 |
||